| 000 | 00880nam a22002057a 4500 | ||
|---|---|---|---|
| 003 | OSt | ||
| 005 | 20250217141750.0 | ||
| 008 | 230822b ||||| |||| 00| 0 eng d | ||
| 040 | _cSSBUL | ||
| 041 | _abur | ||
| 082 |
_223 _a၂၉၄.၃၄၃၅၀၉ _bကု ၁၆၆ |
||
| 100 | 0 |
_aကုမာရ၊ ဘဒ္ဒန္တ(အဂ္ဂမဟာပဏ္ဍိတ)။ _929350 |
|
| 245 | 1 | 0 |
_aထမ်းငြိမ်းစေတီတော် သမိုင်း / _cဘဒ္ဒန္တကုမာရ(အဂ္ဂမဟာပဏ္ဍိတ)။ |
| 260 |
_aရန်ကုန်၊ _bယုံကြည်ချက်စာပေတိုက်၊ _c၂၀၀၉။ |
||
| 300 |
_a၁၅၀ စာမျက်နှာ၊ _bပုံပါသည်၊ |
||
| 650 |
_aစေတီ - သမိုင်း _929351 |
||
| 942 |
_cBK _2ddc |
||
| 942 | _2ddc | ||
| 942 | _2ddc | ||
| 999 |
_c28206 _d28206 |
||